| 000 | 01263nam2a22003131 4500 | ||
|---|---|---|---|
| 001 | v19\rc\1578681 | ||
| 005 | 20250619045338.0 | ||
| 035 | _a(NLR Aleph) 004831343 | ||
| 090 |
_a4725428 _c4725428 |
||
| 100 | _a20061002d1899 |||y0rusy50 ca | ||
| 101 | 0 | _arus | |
| 102 | _aRU | ||
| 105 | _ay z ||||| | ||
| 200 | 0 | _aВып. 4 | |
| 210 |
_d1899 _aБ. м. |
||
| 215 | _a63 с. | ||
| 300 | _aПамят. кн. Пенз. губ. за 1899 г. | ||
| 461 | 0 |
_1001v19\rc\1578677 _12001#$aСборник Пензенского губернского статистического комитета$fПод ред. В.П. Попова. Вып. 1$vВып. 4 _94725391 _aПензенский губ. статистический комитет _cПенза _d1893-1905 _fПод ред. В.П. Попова. Вып. 1 _tСборник Пензенского губернского статистического комитета _vВып. 4 |
|
| 801 | 0 |
_aRU _bNLR _gpsbo |
|
| 801 | 0 |
_aRU _bRuMoRGB _2psbo |
|
| 801 | 1 |
_aRU _bProSoft-M _2rusmarc |
|
| 852 |
_aNLR _jС595Пен/С-74(алл. 3) |
||
| 852 |
_aNLR _j20.76.6.46 |
||
| 899 |
_aRuMoRGB _jS 35/318 |
||
| 899 |
_aRuMoRGB _jS 44/1482 |
||
| 899 |
_aRuMoRGB _jФ 1-59/5908 |
||
| 899 | _aГПИБ | ||
| 942 | _cBOOK | ||
| 980 | _aNB | ||